000 00481 a2200169 4500
003 OSt
005 20230916143819.0
008 230916b |||||||| |||| 00| 0 eng d
020 _a9780099582076
040 _coclc
082 _a823.914
_bRUS/M
100 1 _aRushdie, Salman.
_96026
245 _aMidnight's children /
_cSalman Rushdie
260 _aLondon:
_bVintage books,
_c2013.
300 _a447 p
942 _2ddc
_cBK
_h823.914
_iRUS/M
_k823.914
_mRUS/M
999 _c42198
_d42198